Rozdelenia pravdepodobnosti v aktuárstve diplomová práca

Salvato in:
Dettagli Bibliografici
Autore principale: Kuyokwa, Martin
Ente Autore: Fakulta hospodárskej informatiky EU. Katedra matematiky a aktuárstva
Altri autori: Slaninka, František, 1973-
Natura: Libro
Lingua:slovacco
Pubblicazione: Bratislava 2015
Tags: Aggiungi Tag
Nessun Tag, puoi essere il primo ad aggiungerne!!

MARC

LEADER 00000nbm a2200000 4500
001 0201587
005 20161212112018.3
041 0 |a slo 
044 |a SK 
245 1 0 |a Rozdelenia pravdepodobnosti v aktuárstve  |b diplomová práca  |c Martin Kuyokwa ; školiteľ: František Slaninka 
264 1 |a Bratislava  |c 2015 
300 |a 79 s. 
100 1 |a Kuyokwa, Martin 
700 1 |a Slaninka, František, 1973- 
710 2 |a Fakulta hospodárskej informatiky EU. Katedra matematiky a aktuárstva